[Event "XXXI Ogolnopolski Turniej Szachowy Junio"]
[Site "MDK nr 1 Bydgoszcz"]
[Date "2014.02.04"]
[Round "4.6"]
[White "Dobosz, Kacper"]
[Black "Matewski, Marcin"]
[Result "0-1"]
[WhiteElo "1608"]
[BlackElo "1635"]
[PlyCount "92"]
[EventDate "2014.??.??"]

1. d4 d5 2. c4 e6 3. Nc3 Nf6 4. e3 c5 5. Nf3 Nc6 6. Bd3 cxd4 7. exd4 dxc4 8.
Bxc4 Bb4 9. O-O h6 10. Bf4 a6 11. a3 Bd6 12. Qd2 b5 13. Bd3 Bb7 14. Rfe1 Bxf4
15. Qxf4 O-O 16. Rad1 Ne7 17. Ne5 Ned5 18. Nxd5 Bxd5 19. f3 Rc8 20. Rc1 Qb6 21.
Kh1 Qb7 22. b4 Qb8 23. Rc5 Rxc5 24. bxc5 Rc8 25. Be4 Qc7 26. c6 Qa5 27. Qc1 b4
28. axb4 Qxb4 29. Bxd5 Nxd5 30. Rd1 a5 31. h3 a4 32. Rd3 f6 33. Ng6 Qb5 34. Rc3
Kf7 35. Rc5 Qd3 36. Qb2 Kxg6 37. Qb7 Rc7 38. Qb8 a3 39. Qa8 Qf1+ 40. Kh2 Ne3
41. Kg3 Qxg2+ 42. Kf4 Nd5+ 43. Rxd5 exd5 44. h4 a2 45. h5+ Kxh5 46. Qe8+ Qg6
0-1

[Event "XXXI Ogolnopolski Turniej Szachowy Junio"]
[Site "MDK nr 1 Bydgoszcz"]
[Date "2014.02.04"]
[Round "4.7"]
[White "Losinska, Aleksandra"]
[Black "Andrzejewska, Maja"]
[Result "1-0"]
[WhiteElo "1351"]
[BlackElo "1114"]
[PlyCount "113"]
[EventDate "2014.??.??"]

1. e4 c5 2. Nf3 Nc6 3. Bb5 a6 4. Bxc6 bxc6 5. Nc3 d6 6. d3 g6 7. O-O Bg7 8. Re1
e5 9. Ne2 Nf6 10. h3 O-O 11. Ng3 Re8 12. Be3 Qb6 13. Bc1 Be6 14. b3 Nd7 15. Bb2
a5 16. a4 Rab8 17. Qd2 d5 18. Rab1 d4 19. Red1 Rb7 20. Qe1 Qb4 21. Bc1 Qc3 22.
Qxc3 dxc3 23. Be3 Rb4 24. Ne2 f6 25. Nxc3 Bf8 26. Nd2 Rd8 27. Nc4 Bxc4 28. dxc4
Rbb8 29. Rd2 Nb6 30. Rbd1 Be7 31. Rxd8+ Rxd8 32. Rxd8+ Bxd8 33. Bxc5 Nd7 34.
Be3 Be7 35. Nd1 Kf7 36. Kf1 Bc5 37. Ke2 Ke6 38. Nb2 h5 39. Nd3 Bxe3 40. Kxe3 f5
41. f3 h4 42. f4 Kd6 43. exf5 gxf5 44. fxe5+ Nxe5 45. Nxe5 Kxe5 46. c3 c5 47.
Kf3 f4 48. Kg4 Ke4 49. Kxh4 Kd3 50. Kg4 f3 51. gxf3 Kxc3 52. h4 Kxb3 53. h5
Kxa4 54. h6 Kb4 55. h7 a4 56. h8=Q Kxc4 57. Qb2 1-0

[Event "XXXI Ogolnopolski Turniej Szachowy Junio"]
[Site "MDK nr 1 Bydgoszcz"]
[Date "2014.02.05"]
[Round "5.1"]
[White "Kozakiewicz, Gracjan"]
[Black "Kroczka, Gromoslaw"]
[Result "0-1"]
[WhiteElo "1577"]
[BlackElo "1775"]
[PlyCount "102"]
[EventDate "2014.??.??"]

1. d4 d5 2. c4 e6 3. Nc3 f5 4. Nf3 Nf6 5. Bg5 c6 6. e3 Nbd7 7. Ne5 Be7 8. f4
O-O 9. Bd3 Qe8 10. O-O Bd6 11. Rf3 Ne4 12. Bxe4 fxe4 13. Rh3 Nxe5 14. fxe5 Be7
15. Bxe7 Qxe7 16. Qh5 h6 17. Qg6 Qf7 18. Qxf7+ Rxf7 19. Rf1 Re7 20. c5 b6 21.
Na4 b5 22. Nc3 b4 23. Ne2 Ba6 24. Rf2 Bc4 25. b3 Bxe2 26. Rxe2 a5 27. Rh4 a4
28. Rf4 axb3 29. axb3 Ra3 30. Rb2 Rea7 31. Rf1 Ra2 32. Rfb1 Ra1 33. Rxa1 Rxa1+
34. Kf2 Kf7 35. g4 Kg6 36. Kg3 Rf1 37. Kg2 Rc1 38. h4 Rc3 39. Kf2 h5 40. g5 Kf5
41. Ra2 Rxb3 42. Ra7 Kg4 43. g6 Rb2+ 44. Ke1 Kf3 45. Rxg7 Kxe3 46. Kf1 Rf2+ 47.
Ke1 Rg2 48. Kf1 Rg4 49. Rb7 Kxd4 50. g7 Kxc5 51. Re7 b3 0-1

[Event "XXXI Ogolnopolski Turniej Szachowy Junio"]
[Site "MDK nr 1 Bydgoszcz"]
[Date "2014.02.05"]
[Round "5.2"]
[White "Chalas, Dawid"]
[Black "Kowalski, Roman"]
[Result "1/2-1/2"]
[WhiteElo "1480"]
[BlackElo "1557"]
[PlyCount "113"]
[EventDate "2014.??.??"]

1. e4 e5 2. Nf3 Nf6 3. Bc4 Nc6 4. Ng5 d5 5. exd5 Na5 6. Bb5+ Bd7 7. Qe2 Bd6 8.
Bxd7+ Qxd7 9. O-O O-O 10. Nc3 Rfe8 11. a3 b6 12. d3 h6 13. Nge4 Be7 14. Qf3
Rad8 15. Qg3 Kh8 16. f4 exf4 17. Qxf4 Nb7 18. Rf3 Nc5 19. Rh3 Nfxe4 20. dxe4
Bg5 21. Qf3 Bxc1 22. Rxc1 Qe7 23. Re1 f6 24. Re3 Qd7 25. Qf4 Kh7 26. Rh4 g5 27.
Rxh6+ Kxh6 28. Qxf6+ Kh7 29. Rh3+ Qxh3 30. gxh3 Rf8 31. Qe7+ Kg6 32. Qxc7 Rd7
33. Qc6+ Rf6 34. Qb5 Re7 35. Qe2 Nd7 36. Nd1 Ne5 37. Nf2 Ref7 38. Ng4 Nf3+ 39.
Kh1 Rf4 40. e5 Nh4 41. Nf6 Re7 42. Qd3+ Rf5 43. Ng4 Kh5 44. Nf6+ Rxf6 45. Qd1+
Rf3 46. e6 Kh6 47. Kg1 Rf8 48. c4 Ree8 49. b4 Nf5 50. Qd3 Rc8 51. c5 bxc5 52.
bxc5 Rxc5 53. e7 Nxe7 54. Qa6+ Kg7 55. Qxa7 Rc1+ 56. Kg2 Rc2+ 57. Kg1 1/2-1/2

[Event "XXXI Ogolnopolski Turniej Szachowy Junio"]
[Site "MDK nr 1 Bydgoszcz"]
[Date "2014.02.05"]
[Round "5.3"]
[White "Humin, Julia"]
[Black "Losinska, Aleksandra"]
[Result "0-1"]
[WhiteElo "1415"]
[BlackElo "1351"]
[PlyCount "76"]
[EventDate "2014.??.??"]

1. f4 Nf6 2. Nf3 e6 3. e3 b6 4. d4 Bb7 5. Bd3 Be7 6. c3 O-O 7. O-O d6 8. Nbd2
Nbd7 9. Qe1 Nd5 10. a3 c5 11. g3 Rc8 12. e4 Nc7 13. Qe2 Re8 14. a4 Ra8 15. Qg2
Rb8 16. g4 Ra8 17. Kh1 Na6 18. Rg1 cxd4 19. Nxd4 Nac5 20. Bc2 e5 21. fxe5 Nxe5
22. Re1 Bg5 23. Kg1 Qd7 24. h3 Ncd3 25. Bxd3 Nxd3 26. Re2 Nf4 27. Qf3 Nxe2+ 28.
Qxe2 Bxd2 29. Bxd2 Rxe4 30. Qf2 Rae8 31. Rf1 Ba6 32. Ra1 h5 33. Qf5 Qxf5 34.
Nxf5 Re2 35. Rd1 hxg4 36. hxg4 R8e4 37. Nxd6 Rxg4+ 38. Kh1 Re5 0-1

[Event "XXXI Ogolnopolski Turniej Szachowy Junio"]
[Site "MDK nr 1 Bydgoszcz"]
[Date "2014.02.05"]
[Round "5.4"]
[White "Matewski, Marcin"]
[Black "Kulpinski, Jakub"]
[Result "1/2-1/2"]
[WhiteElo "1635"]
[BlackElo "1347"]
[PlyCount "82"]
[EventDate "2014.??.??"]

1. e4 c5 2. Nf3 d6 3. d4 cxd4 4. Nxd4 Nf6 5. Nc3 g6 6. Be2 Bg7 7. Be3 Bd7 8.
O-O Nc6 9. h3 a6 10. Qd2 Rc8 11. f4 O-O 12. a4 Ne8 13. f5 Ne5 14. Nd5 Nf6 15.
Nxf6+ Bxf6 16. c3 Nc4 17. Bxc4 Rxc4 18. b3 Rc8 19. Rad1 Qa5 20. c4 Qxd2 21.
Rxd2 Bxd4 22. Bxd4 f6 23. Rd3 Bc6 24. fxg6 hxg6 25. Rg3 Kf7 26. Re1 Rh8 27. Kf2
Rh5 28. Ke3 Rh4 29. Kd3 g5 30. Rf3 Rg8 31. Rf2 g4 32. Re3 gxh3 33. gxh3 Rgh8
34. Rff3 Bd7 35. c5 e5 36. Bb2 dxc5 37. Bxe5 R8h6 38. Bf4 R6h5 39. e5 fxe5 40.
Bxe5+ Bf5+ 41. Kc3 b5 1/2-1/2

[Event "XXXI Ogolnopolski Turniej Szachowy Junio"]
[Site "MDK nr 1 Bydgoszcz"]
[Date "2014.02.05"]
[Round "5.5"]
[White "Repke, Mateusz"]
[Black "Borkowska, Zuzanna"]
[Result "0-1"]
[WhiteElo "1405"]
[BlackElo "1306"]
[PlyCount "104"]
[EventDate "2014.??.??"]

1. e4 c5 2. Nf3 Nc6 3. c3 g6 4. d4 cxd4 5. cxd4 Bg7 6. Nc3 d6 7. h3 Nf6 8. Bb5
Bd7 9. O-O O-O 10. Bf4 a6 11. Bxc6 Bxc6 12. d5 Bd7 13. Re1 Qb6 14. Rb1 Rfe8 15.
e5 dxe5 16. Nxe5 Bf5 17. Be3 Qd6 18. Nc4 Qc7 19. Nb6 Rad8 20. Rc1 Qd6 21. a3 e6
22. dxe6 Rxe6 23. Qxd6 Rdxd6 24. Nc4 Rd7 25. Rcd1 Rxd1 26. Rxd1 b5 27. Nd2 Rd6
28. Re1 Nd5 29. Bc5 Re6 30. Rxe6 Bxe6 31. Nde4 Nxc3 32. Nxc3 Bh6 33. Be3 Bf8
34. Kf1 Bc4+ 35. Ke1 b4 36. axb4 Bxb4 37. Bd2 Bc5 38. Be3 Bxe3 39. fxe3 Kg7 40.
Kd2 Bf1 41. g3 Bxh3 42. Ne4 Bf1 43. Nc5 h5 44. Ke1 Bb5 45. Kf2 Kf6 46. Kf3 Ke5
47. Nb3 Kd5 48. e4+ Kc4 49. Nd2+ Kd3 50. Nb3 Kc2 51. Nd4+ Kxb2 52. Nxb5 axb5
0-1

[Event "XXXI Ogolnopolski Turniej Szachowy Junio"]
[Site "MDK nr 1 Bydgoszcz"]
[Date "2014.02.05"]
[Round "5.7"]
[White "Straszewski, Tomasz"]
[Black "Losinski, Piotr"]
[Result "0-1"]
[WhiteElo "1356"]
[BlackElo "1248"]
[PlyCount "62"]
[EventDate "2014.??.??"]

1. e4 c5 2. Nf3 e6 3. d4 cxd4 4. Nxd4 a6 5. a4 Qb6 6. Nc3 Nc6 7. Nxc6 bxc6 8.
Bd3 d5 9. exd5 cxd5 10. Qe2 Nf6 11. Bg5 Be7 12. Bxf6 gxf6 13. Ra2 Bb7 14. O-O
d4 15. Ne4 Rg8 16. g3 Qc6 17. f3 h5 18. Qf2 Rd8 19. b4 h4 20. b5 Qd5 21. Rb2
hxg3 22. hxg3 Rh8 23. bxa6 Qh5 24. Qg2 Bd5 25. a7 f5 26. Rb8 f6 27. Bb5+ Kf7
28. Rxd8 Rxd8 29. c4 dxc3 30. Nxc3 Bc5+ 31. Rf2 Bxf3 0-1

[Event "XXXI Ogolnopolski Turniej Szachowy Junio"]
[Site "MDK nr 1 Bydgoszcz"]
[Date "2014.02.05"]
[Round "5.9"]
[White "Chalas, Klaudiusz"]
[Black "Andrzejewska, Maja"]
[Result "1-0"]
[WhiteElo "1286"]
[BlackElo "1114"]
[PlyCount "113"]
[EventDate "2014.??.??"]

1. e4 c5 2. Nf3 Nc6 3. Nc3 Nf6 4. Bb5 Nd4 5. O-O a6 6. Bc4 e6 7. d3 Be7 8. a3
O-O 9. Be3 b5 10. Bb3 Nxb3 11. cxb3 Bb7 12. Bg5 h6 13. Bh4 d5 14. e5 Ng4 15.
Bxe7 Qxe7 16. h3 d4 17. Ne4 f5 18. Ned2 Bxf3 19. Nxf3 Nxe5 20. Nxe5 Qc7 21. Nf3
Rad8 22. Re1 Rfe8 23. Ne5 Rd5 24. f4 Rf8 25. Qf3 Rf6 26. Rac1 a5 27. b4 axb4
28. axb4 c4 29. dxc4 bxc4 30. Rxc4 Qb7 31. Kh2 Qb5 32. Rec1 Rf8 33. Rc8 Qxb4
34. Rxf8+ Qxf8 35. b4 Rd8 36. Qc6 Qd6 37. Qxd6 Rxd6 38. b5 d3 39. Nxd3 Rxd3 40.
Rb1 Rd8 41. b6 Rb8 42. b7 Kf7 43. Kg3 Kf6 44. Kf3 g5 45. fxg5+ hxg5 46. Ke3 Ke5
47. Rb5+ Kd6 48. Kd4 Kc6 49. Rb3 Kd6 50. Kc4 Kc6 51. Kd4 Kd6 52. Rb6+ Kc7 53.
Rxe6 Rd8+ 54. Ke5 f4 55. Re7+ Kb8 56. Kf6 Rg8 57. Kf7 1-0

[Event "XXXI Ogolnopolski Turniej Szachowy Junio"]
[Site "MDK nr 1 Bydgoszcz"]
[Date "2014.02.05"]
[Round "6.1"]
[White "Kroczka, Gromoslaw"]
[Black "Kowalski, Roman"]
[Result "1-0"]
[WhiteElo "1775"]
[BlackElo "1557"]
[PlyCount "123"]
[EventDate "2014.??.??"]

1. d4 d5 2. e3 e6 3. Bd3 Nf6 4. Nd2 b6 5. Qe2 Bd6 6. f4 Nbd7 7. Ngf3 Bb7 8. Ne5
Qe7 9. c3 Ne4 10. Ndf3 f6 11. Nxd7 Qxd7 12. Bd2 O-O-O 13. O-O Rdg8 14. b4 h6
15. a4 g5 16. a5 gxf4 17. exf4 b5 18. Bxb5 c6 19. Bd3 Rg4 20. Bxe4 dxe4 21. Ne5
Rxg2+ 22. Qxg2 fxe5 23. fxe5 Qe8 24. Rf4 h5 25. Kf2 c5 26. Qf1 Be7 27. h4 Rg8
28. Qh3 Qd7 29. bxc5 Bxc5 30. Be3 Be7 31. Rf7 Bd5 32. c4 Bxh4+ 33. Qxh4 Qxf7+
34. Qf6 Rf8 35. Ke1 Qxf6 36. exf6 Bc6 37. Bg5 Be8 38. Kf2 Rf7 39. Ke3 Bc6 40.
Rh1 Rh7 41. Rf1 Rf7 42. Kf4 Kd7 43. Ke5 Bb7 44. d5 exd5 45. cxd5 Ba6 46. Rh1
Be2 47. Kxe4 Bg4 48. Ke5 Ke8 49. Rb1 Rc7 50. Rb8+ Kf7 51. Rh8 Kg6 52. Rg8+ Kh7
53. Re8 Kg6 54. Bh4 Rd7 55. Bf2 Rf7 56. Rg8+ Kh7 57. Rg7+ Rxg7 58. fxg7 Kxg7
59. Bxa7 h4 60. Bg1 Kf7 61. Kd6 Ke8 62. Kc7 1-0

[Event "XXXI Ogolnopolski Turniej Szachowy Junio"]
[Site "MDK nr 1 Bydgoszcz"]
[Date "2014.02.05"]
[Round "6.2"]
[White "Losinska, Aleksandra"]
[Black "Chalas, Dawid"]
[Result "0-1"]
[WhiteElo "1351"]
[BlackElo "1480"]
[PlyCount "50"]
[EventDate "2014.??.??"]

1. e4 {[%emt 0:00:00]} e5 2. Nf3 Nc6 3. Bb5 d6 4. d3 Nf6 5. c3 Bd7 6. Nbd2 Be7
7. O-O O-O 8. Re1 a6 9. Ba4 h6 10. h3 Nh7 11. Nf1 Kh8 12. Ng3 Ng5 13. Nh2 f5
14. Bc2 f4 15. Ngf1 Qe8 16. Nd2 Qg6 17. Ndf3 Nxh3+ 18. Kf1 Ng5 19. d4 Nxf3 20.
Nxf3 Bg4 21. d5 Nd8 22. c4 Qh5 23. Qd3 Qh1+ 24. Ke2 Qxg2 25. Rg1 Bxf3+ 0-1

[Event "XXXI Ogolnopolski Turniej Szachowy Junio"]
[Site "MDK nr 1 Bydgoszcz"]
[Date "2014.02.05"]
[Round "6.3"]
[White "Borkowska, Zuzanna"]
[Black "Walczak, Mikolaj"]
[Result "1/2-1/2"]
[WhiteElo "1306"]
[BlackElo "1453"]
[PlyCount "81"]
[EventDate "2014.??.??"]

1. e4 c5 2. Nf3 e6 3. d4 cxd4 4. Nxd4 a6 5. Nc3 b5 6. a3 Bb7 7. Bd3 Qc7 8. O-O
Nf6 9. Be3 h5 10. h3 Nc6 11. Nxc6 Bxc6 12. Qe2 d5 13. exd5 Nxd5 14. Nxd5 Bxd5
15. Bd4 Qf4 16. Be5 Qg5 17. g3 h4 18. Bf4 Qf6 19. Be4 Bxe4 20. Qxe4 Rc8 21. Qb7
Rxc2 22. Qxa6 Qxb2 23. Rfb1 Qd4 24. Qxb5+ Ke7 25. Qb7+ Ke8 26. Qb8+ Ke7 27.
Qb7+ Kf6 28. Qf3 Kg6 29. Rd1 Qc4 30. Qg4+ Kh7 31. gxh4 Qe2 32. Qxe2 Rxe2 33. a4
Bc5 34. Bg3 Ra8 35. a5 Ra6 36. Kf1 Rb2 37. Rdc1 Rb5 38. Bc7 Be7 39. Bg3 Bf6 40.
Ra2 Rbxa5 41. Rxa5 1/2-1/2

[Event "XXXI Ogolnopolski Turniej Szachowy Junio"]
[Site "MDK nr 1 Bydgoszcz"]
[Date "2014.02.05"]
[Round "6.4"]
[White "Humin, Julia"]
[Black "Matewski, Marcin"]
[Result "1-0"]
[WhiteElo "1415"]
[BlackElo "1635"]
[PlyCount "61"]
[EventDate "2014.??.??"]

1. e4 e6 2. d4 d5 3. exd5 exd5 4. c4 Nf6 5. Nc3 Bb4 6. Bg5 c6 7. Nf3 O-O 8. Be2
h6 9. Bh4 Be6 10. Qb3 a5 11. O-O Nbd7 12. Ne5 Nb6 13. c5 Nc4 14. Nxc4 dxc4 15.
Bxc4 Qxd4 16. Bxf6 Qxf6 17. Bxe6 fxe6 18. Ne4 Qe5 19. Qc2 Rf4 20. f3 Rf5 21. g4
Qd4+ 22. Kh1 Re5 23. Rad1 Qe3 24. a3 Bxc5 25. Rd3 Qf4 26. Nxc5 b6 27. Nd7 Rg5
28. Qxc6 Rd8 29. Qxe6+ Kh8 30. Qxb6 Rg8 31. Qd4 1-0

[Event "XXXI Ogolnopolski Turniej Szachowy Junio"]
[Site "MDK nr 1 Bydgoszcz"]
[Date "2014.02.05"]
[Round "6.5"]
[White "Kulpinski, Jakub"]
[Black "Kozakiewicz, Gracjan"]
[Result "0-1"]
[WhiteElo "1347"]
[BlackElo "1577"]
[PlyCount "86"]
[EventDate "2014.??.??"]

1. e4 c5 2. Nf3 d6 3. d4 cxd4 4. Nxd4 Nf6 5. Nc3 Nc6 6. Bc4 a6 7. Be3 e6 8.
Nxc6 bxc6 9. f3 d5 10. exd5 cxd5 11. Bb3 Bd6 12. Qd2 Bd7 13. Ne2 Qc7 14. g3 a5
15. a3 a4 16. Ba2 Rb8 17. O-O-O O-O 18. Bg5 Qb7 19. Bxf6 gxf6 20. c3 Rfc8 21.
f4 Bb5 22. Rde1 Bc4 23. Bxc4 Rxc4 24. Qc2 e5 25. Rhf1 d4 26. Rd1 Rbc8 27. Rd3
Bc5 28. fxe5 fxe5 29. Rdf3 Rc7 30. Rf5 dxc3 31. Nxc3 Bxa3 32. Rxf7 Rxf7 33.
Rxf7 Qxf7 34. bxa3 Qc7 35. Kb2 Qb6+ 36. Ka2 Qc5 37. Kb2 e4 38. Qd2 Qb6+ 39. Kc1
Qd4 40. Qg5+ Kh8 41. Qh6 Qxc3+ 42. Kd1 Qc2+ 43. Ke1 Qc1+ 0-1

[Event "XXXI Ogolnopolski Turniej Szachowy Junio"]
[Site "MDK nr 1 Bydgoszcz"]
[Date "2014.??.??"]
[Round "6.6"]
[White "Losinski, Piotr"]
[Black "Repke, Mateusz"]
[Result "1/2-1/2"]
[WhiteElo "1248"]
[BlackElo "1405"]
[PlyCount "60"]
[EventDate "2014.??.??"]

1. e4 e6 2. e5 d5 3. exd6 Bxd6 4. d4 Nc6 5. Nf3 b6 6. Nc3 Bb7 7. Bd3 h6 8. O-O
Nf6 9. Re1 O-O 10. Ne2 Re8 11. Ng3 Bxg3 12. hxg3 Qd5 13. c4 Qd7 14. Bf4 Red8
15. Be4 Nxe4 16. Rxe4 f5 17. Re2 Nxd4 18. Nxd4 Qxd4 19. Qxd4 Rxd4 20. Rd2 Rdd8
21. Bxc7 Rdc8 22. Bf4 Rxc4 23. Re2 Re8 24. Be5 Kf7 25. Rd1 Bd5 26. Bc3 g5 27.
Rd3 Rf8 28. a3 a5 29. Red2 Rc7 30. f3 Rfc8 1/2-1/2

[Event "XXXI Ogolnopolski Turniej Szachowy Junio"]
[Site "MDK nr 1 Bydgoszcz"]
[Date "2014.02.05"]
[Round "6.7"]
[White "Dobosz, Kacper"]
[Black "Straszewski, Tomasz"]
[Result "1-0"]
[WhiteElo "1608"]
[BlackElo "1356"]
[PlyCount "49"]
[EventDate "2014.??.??"]

1. e4 e5 2. Nf3 Nc6 3. d4 exd4 4. Nxd4 Nf6 5. Nc3 Bb4 6. Nxc6 bxc6 7. Bd3 O-O
8. O-O d6 9. Bg5 h6 10. Bh4 Bg4 11. Bxf6 Qxf6 12. Qxg4 Bxc3 13. bxc3 Qxc3 14.
f4 Qd4+ 15. Kh1 Rab8 16. f5 d5 17. f6 g6 18. Qh3 h5 19. exd5 cxd5 20. Rad1 Qb2
21. Qe3 Rb6 22. Qg5 Kh7 23. Qxh5+ Kg8 24. Bxg6 Rxf6 25. Qh7# 1-0

[Event "XXXI Ogolnopolski Turniej Szachowy Junio"]
[Site "MDK nr 1 Bydgoszcz"]
[Date "2014.02.06"]
[Round "7.1"]
[White "Borkowska, Zuzanna"]
[Black "Kroczka, Gromoslaw"]
[Result "0-1"]
[WhiteElo "1306"]
[BlackElo "1775"]
[PlyCount "62"]
[EventDate "2014.??.??"]

1. e4 c5 2. Nf3 e6 3. d4 cxd4 4. Nxd4 Nc6 5. Nc3 Bb4 6. Qd3 Nf6 7. Bd2 Qb6 8.
Nxc6 bxc6 9. Be2 d5 10. exd5 cxd5 11. Qb5+ Qxb5 12. Bxb5+ Bd7 13. Bxd7+ Nxd7
14. a3 Ba5 15. O-O O-O 16. Rad1 Bd8 17. Ne2 Bf6 18. Bc3 Rab8 19. Bb4 Rfc8 20.
c3 a5 21. Bxa5 Rxb2 22. Nd4 g6 23. Bb4 Nc5 24. f3 Na4 25. Rc1 Nxc3 26. Bxc3
Rxc3 27. Rxc3 Bxd4+ 28. Kh1 Bxc3 29. Rc1 Ra2 30. h3 Rxa3 31. Rb1 Ra1 0-1

[Event "XXXI Ogolnopolski Turniej Szachowy Junio"]
[Site "MDK nr 1 Bydgoszcz"]
[Date "2014.02.06"]
[Round "7.2"]
[White "Chalas, Dawid"]
[Black "Humin, Julia"]
[Result "1/2-1/2"]
[WhiteElo "1480"]
[BlackElo "1415"]
[PlyCount "65"]
[EventDate "2014.??.??"]

1. e4 c5 2. Nf3 Nc6 3. d4 cxd4 4. Nxd4 Nf6 5. Nc3 e5 6. Nxc6 bxc6 7. Bc4 Bb4 8.
Qd3 O-O 9. O-O Re8 10. Bb3 a5 11. Rd1 Ba6 12. Bc4 Bxc4 13. Qxc4 Bxc3 14. bxc3
d5 15. Qxc6 Rc8 16. Qb5 Nxe4 17. Rxd5 Nxc3 18. Rxd8 Nxb5 19. Rxe8+ Rxe8 20. c4
Nd4 21. Bb2 Rc8 22. Bxd4 exd4 23. Rc1 Rb8 24. Kf1 Rb2 25. a4 Kf8 26. Rd1 Rb4
27. Rxd4 Rxa4 28. Rd5 Ra2 29. c5 Ke7 30. c6 a4 31. c7 Rc2 32. Ra5 Rxc7 33. Rxa4
1/2-1/2

[Event "XXXI Ogolnopolski Turniej Szachowy Junio"]
[Site "MDK nr 1 Bydgoszcz"]
[Date "2014.02.06"]
[Round "7.3"]
[White "Kozakiewicz, Gracjan"]
[Black "Losinski, Piotr"]
[Result "1-0"]
[WhiteElo "1577"]
[BlackElo "1248"]
[PlyCount "37"]
[EventDate "2014.??.??"]

1. d4 d5 2. c4 c6 3. Nc3 dxc4 4. a4 e6 5. Nf3 Nf6 6. Bg5 Be7 7. e3 Nbd7 8. Bxc4
O-O 9. O-O Qc7 10. Rc1 Re8 11. e4 e5 12. d5 h6 13. Bh4 Nf8 14. Qb3 c5 15. d6
Bxd6 16. Nb5 Qd7 17. Bxf7+ Kh7 18. Bxe8 Qxe8 19. Nxd6 1-0

[Event "XXXI Ogolnopolski Turniej Szachowy Junio"]
[Site "MDK nr 1 Bydgoszcz"]
[Date "2014.02.06"]
[Round "7.4"]
[White "Walczak, Mikolaj"]
[Black "Dobosz, Kacper"]
[Result "0-1"]
[WhiteElo "1453"]
[BlackElo "1608"]
[PlyCount "126"]
[EventDate "2014.??.??"]

1. c4 e5 2. Nf3 Nc6 3. Nc3 Nf6 4. d3 d5 5. cxd5 Nxd5 6. g3 Bg4 7. Bg2 Nb6 8.
O-O Be7 9. a3 O-O 10. b4 a6 11. Bb2 Qd7 12. Re1 Rad8 13. Qb3 Kh8 14. Nd1 f6 15.
Ne3 Be6 16. Qc2 Bd5 17. Nxd5 Nxd5 18. Rad1 Qd6 19. Bh3 Nb6 20. d4 exd4 21. Bxd4
Nxd4 22. Nxd4 Qe5 23. Ne6 Rxd1 24. Rxd1 Rc8 25. Nc5 Rb8 26. Qd3 Bd6 27. Ne4 Rd8
28. Nxd6 Rxd6 29. Qc2 Rxd1+ 30. Qxd1 Nd5 31. Bg2 c6 32. e4 Ne7 33. Qd8+ Ng8 34.
Qd3 h6 35. Bh3 g6 36. Kg2 Ne7 37. Qe3 Kg7 38. Bg4 h5 39. Bf3 Nc8 40. Qd3 Nd6
41. h4 Qe6 42. Kf1 Kf7 43. Bd1 Ke7 44. Bc2 Qe5 45. Ke2 f5 46. f4 Qxe4+ 47.
Qxe4+ fxe4 48. Ke3 Nc4+ 49. Kxe4 Nxa3 50. Bd3 Kf6 51. Kd4 Nb5+ 52. Kc5 Nc3 53.
Kb6 Nd5+ 54. Kc5 b6+ 55. Kc4 Ne3+ 56. Kc3 Nf5 57. Bxa6 Nxg3 58. Bb7 c5 59. bxc5
bxc5 60. Kc4 Nf5 61. Kxc5 Nxh4 62. Kd4 Nf5+ 63. Ke4 Nd6+ 0-1

[Event "XXXI Ogolnopolski Turniej Szachowy Junio"]
[Site "MDK nr 1 Bydgoszcz"]
[Date "2014.02.06"]
[Round "7.5"]
[White "Kowalski, Roman"]
[Black "Losinska, Aleksandra"]
[Result "1/2-1/2"]
[WhiteElo "1557"]
[BlackElo "1351"]
[PlyCount "59"]
[EventDate "2014.??.??"]

1. Nf3 Nf6 2. g3 e6 3. Bg2 d5 4. d4 Nc6 5. O-O Be7 6. c3 O-O 7. b3 Re8 8. Bb2
Bd7 9. Nbd2 Na5 10. c4 c5 11. dxc5 Bxc5 12. Bc3 Nc6 13. Rc1 Rb8 14. cxd5 Nxd5
15. Ne5 Nxc3 16. Nxc6 Nxd1 17. Nxd8 Ne3 18. fxe3 Bxe3+ 19. Kh1 Bb5 20. Rcd1
Bxe2 21. Nxb7 Re7 22. Nb1 g6 23. Na5 Bxd1 24. Rxd1 Rc8 25. Nc4 Bg5 26. h4 Bf6
27. Nba3 Rc5 28. Kh2 Rf5 29. Kh3 Rf2 30. Rd2 1/2-1/2

[Event "XXXI Ogolnopolski Turniej Szachowy Junio"]
[Site "MDK nr 1 Bydgoszcz"]
[Date "2014.02.06"]
[Round "7.7"]
[White "Chalas, Klaudiusz"]
[Black "Kulpinski, Jakub"]
[Result "1/2-1/2"]
[WhiteElo "1286"]
[BlackElo "1347"]
[PlyCount "62"]
[EventDate "2014.??.??"]

1. e4 c5 2. Nf3 e6 3. Nc3 d5 4. Bb5+ Bd7 5. Bxd7+ Qxd7 6. O-O Ne7 7. exd5 exd5
8. d4 c4 9. Ne5 Qc8 10. Re1 f6 11. Nb5 Qd8 12. Qh5+ g6 13. Nxg6 hxg6 14. Qxh8
a6 15. Nc3 Kf7 16. Qh7+ Bg7 17. Bh6 Nf5 18. Bd2 Nxd4 19. Bh6 Nf5 20. Bxg7 Nxg7
21. Re2 Nc6 22. Rae1 Qd7 23. Qh3 Qxh3 24. gxh3 Rd8 25. Rd1 d4 26. Red2 dxc3 27.
Rxd8 Nxd8 28. Rxd8 cxb2 29. Rd1 c3 30. Kf1 b5 31. Ke2 Ke6 1/2-1/2

[Event "XXXI Ogolnopolski Turniej Szachowy Junio"]
[Site "MDK nr 1 Bydgoszcz"]
[Date "2014.02.06"]
[Round "7.8"]
[White "Repke, Mateusz"]
[Black "Straszewski, Tomasz"]
[Result "1/2-1/2"]
[WhiteElo "1405"]
[BlackElo "1356"]
[PlyCount "100"]
[EventDate "2014.??.??"]

1. e4 e5 2. Nf3 Nc6 3. Bb5 Nf6 4. d3 d6 5. h3 Be7 6. Nc3 a6 7. Ba4 Bd7 8. Be3
O-O 9. O-O h6 10. Nd2 Nd4 11. Bxd7 Nxd7 12. f4 c5 13. Ne2 Nxe2+ 14. Qxe2 Qb6
15. Nc4 Qc6 16. b3 b5 17. Nd2 exf4 18. Bxf4 Bf6 19. Rad1 d5 20. Qf3 dxe4 21.
Nxe4 Bd4+ 22. Kh1 f5 23. Nd2 Qxf3 24. Nxf3 Bf6 25. Rde1 g5 26. Be5 Nxe5 27.
Nxe5 Rfe8 28. Nf3 Rxe1 29. Rxe1 Kf7 30. Ne5+ Kg7 31. Nf3 a5 32. c4 b4 33. Kg1
Rd8 34. Rd1 a4 35. Kf2 axb3 36. axb3 Ra8 37. Rb1 Ra2+ 38. Kg1 Ra1 39. Rxa1 Bxa1
40. Kf2 Kf7 41. Ke3 Ke6 42. g3 Be5 43. h4 gxh4 44. gxh4 f4+ 45. Ke4 Bd6 46. d4
cxd4 47. Nxd4+ Kd7 48. Nf5 Bf8 49. Kxf4 Ke6 50. Nd4+ Kf6 1/2-1/2

[Event "XXXI Ogolnopolski Turniej Szachowy Junio"]
[Site "MDK nr 1 Bydgoszcz"]
[Date "2014.02.06"]
[Round "8.1"]
[White "Kroczka, Gromoslaw"]
[Black "Dobosz, Kacper"]
[Result "1-0"]
[WhiteElo "1775"]
[BlackElo "1608"]
[PlyCount "81"]
[EventDate "2014.??.??"]

1. d4 Nf6 2. e3 d5 3. Bd3 e6 4. f4 c5 5. c3 Nc6 6. Nf3 Be7 7. Nbd2 Bd7 8. Qe2
O-O 9. Ne5 Qc7 10. Ndf3 Rac8 11. Bd2 h6 12. g4 Nxe5 13. Nxe5 Ne8 14. O-O-O Bf6
15. h4 Bxe5 16. fxe5 g6 17. Bc2 b5 18. h5 g5 19. Qd3 f5 20. exf6 Rxf6 21. Qh7+
Kf8 22. Rdf1 Qd8 23. Qh8+ Ke7 24. Rxf6 Nxf6 25. Qxh6 Qg8 26. Bg6 Ne4 27. Rf1
Be8 28. c4 cxd4 29. Bb4+ Kd7 30. Rf8 Rxc4+ 31. Kd1 Nf2+ 32. Ke2 Nxg4 33. Qxg5
d3+ 34. Kf3 Qxf8+ 35. Bxf8 Bxg6 36. Qe7+ Kc6 37. Qxe6+ Kc7 38. Bd6+ Kd8 39.
hxg6 Nh2+ 40. Bxh2 d2 41. Qxd5+ 1-0

[Event "XXXI Ogolnopolski Turniej Szachowy Junio"]
[Site "MDK nr 1 Bydgoszcz"]
[Date "2014.02.06"]
[Round "8.2"]
[White "Kozakiewicz, Gracjan"]
[Black "Chalas, Dawid"]
[Result "1/2-1/2"]
[WhiteElo "1577"]
[BlackElo "1480"]
[PlyCount "70"]
[EventDate "2014.??.??"]

1. d4 d5 2. c4 dxc4 3. Nc3 Nf6 4. Bg5 e6 5. e3 h6 6. Bh4 Be7 7. Nf3 O-O 8. Bxc4
b6 9. O-O Bb7 10. Re1 Nbd7 11. Qe2 c5 12. Rad1 Qc7 13. Bg3 Qc8 14. Nb5 Ne4 15.
d5 Nxg3 16. hxg3 exd5 17. Bxd5 a6 18. Nd6 Bxd6 19. Bxb7 Qxb7 20. Rxd6 Nf6 21.
Red1 Rfc8 22. Ne5 Rc7 23. Rd8+ Rxd8 24. Rxd8+ Kh7 25. Qd3+ Qe4 26. Qxe4+ Nxe4
27. Rd7 Rxd7 28. Nxd7 b5 29. f3 Nxg3 30. Nxc5 a5 31. Nb7 Ne2+ 32. Kf2 Nc1 33.
Nxa5 Nxa2 34. Nc6 Nc1 35. Nb4 Kg6 1/2-1/2

[Event "XXXI Ogolnopolski Turniej Szachowy Junio"]
[Site "MDK nr 1 Bydgoszcz"]
[Date "2014.02.06"]
[Round "8.3"]
[White "Humin, Julia"]
[Black "Borkowska, Zuzanna"]
[Result "0-1"]
[WhiteElo "1415"]
[BlackElo "1306"]
[PlyCount "104"]
[EventDate "2014.??.??"]

1. d4 d5 2. c4 e6 3. cxd5 exd5 4. Nc3 Nf6 5. Bg5 Be7 6. e3 Nbd7 7. Bd3 b6 8.
Nge2 Bb7 9. O-O O-O 10. Qc2 c5 11. Bf5 c4 12. Rae1 a6 13. f3 b5 14. Ng3 h6 15.
Bxd7 Qxd7 16. Bxf6 Bxf6 17. Qf5 Qxf5 18. Nxf5 b4 19. Na4 Bc6 20. Nc5 Rfd8 21.
Rd1 Kh7 22. e4 dxe4 23. Nxe4 Bxe4 24. fxe4 g6 25. e5 Bxe5 26. dxe5 Rxd1 27.
Rxd1 gxf5 28. Rd7 Kg6 29. Rd6+ Kg5 30. Kf2 a5 31. Rc6 Re8 32. Rc5 c3 33. bxc3
bxc3 34. Rxc3 Rxe5 35. Re3 Kf6 36. Rh3 Kg7 37. Re3 f6 38. Kf3 Kg6 39. Kf2 f4
40. Re2 Kf5 41. Re1 Rxe1 42. Kxe1 Ke4 43. Ke2 f5 44. a3 a4 45. h3 h5 46. h4 f3+
47. gxf3+ Kd4 48. Kd2 f4 49. Ke2 Kc3 50. Kf1 Kb3 51. Ke2 Kxa3 52. Kd3 Kb2 0-1